Statistics for Football (Soccer) Stadiums Around the World (Cities Version Part 2)

Click here to take the quiz!

General Stats

  • This quiz has been taken 324 times
  • The average score is 13 of 25

Answer Stats

HintAnswer% Correct
White Hart LaneTottenham
82%
Villa ParkWitton, Birmingham
79%
Craven CottageFulham, London
74%
Mestalla StadiumValencia
71%
Estadio do DragaoPorto
68%
Loftus RoadLondon
64%
De KuipRotterdam
64%
BayArenaLeverkusen
62%
Ramon Sanchez Pizjuan StadiumSeville
62%
San Mames StadiumBilbao
60%
Borussia-ParkMonchengladbach
60%
Sukru Saracoglu StadiumIstanbul
58%
Karaiskakis StadiumAthens
56%
Donbass ArenaDonetsk
53%
Veltins-ArenaGelsenkirchen
49%
Mercedes-Benz ArenaStuttgart
48%
Aviva StadiumDublin
45%
Stadio Artemio FranchiFlorence
45%
WeserstadionBremen
42%
St. Jakob-ParkBasel
40%
Stade Pierre-MauroyLille
33%
Stadio Ennio TardiniParma
31%
HDI-ArenaHannover
20%
De Grolsch VesteEnschede
17%
AFAS StadionAlkmaar
15%

Score Distribution

Percentile by Number Answered

Percent of People with Each Score

Your Score History

You have not taken this quiz